[Event "Joao Pessoa op 08"]
[Site "Joao Pessoa"]
[Date "2013.08.04"]
[Round "5"]
[White "Pingas, Blas Mariano"]
[Black "De Melo, Fernando Sa"]
[Result "1-0"]
[WhiteElo "2259"]
[BlackElo "2091"]
[PlyCount "94"]
[EventDate "2013.08.02"]
[EventType "swiss"]
[EventRounds "6"]
[EventCountry "BRA"]
[SourceTitle "CBM 155 Extra"]
[Source "ChessBase"]
[SourceDate "2013.08.26"]
[SourceVersion "1"]
[SourceVersionDate "2013.08.26"]
[SourceQuality "1"]

1. c4 Nf6 2. g3 e6 3. Bg2 d5 4. Nf3 Be7 5. 0-0 0-0 6. cxd5 exd5 7. d4 c6 8. Nc3 Re8 9. Bg5 h6 10. Bxf6 Bxf6 11. e3 Bg4 12. b4 Qd6 13. Qb3 Nd7 14. Nd2 Qe6 15. a4 Bh3 16. a5 a6 17. Na4 Bxg2 18. Kxg2 Rab8 19. Qc3 g5 20. Nc5 Qf5 21. h3 Nf8 22. Qd3 Qxd3 23. Nxd3 Ne6 24. Nb3 Nc7 25. Nbc5 Re7 26. Nb2 Nb5 27. Nba4 Nd6 28. Nb6 Bg7 29. Rac1 Rbe8 30. h4 f5 31. hxg5 hxg5 32. Nxb7 Nxb7 33. Rxc6 f4 34. gxf4 gxf4 35. Nxd5 fxe3 36. Nxe7+ Rxe7 37. fxe3 Rxe3 38. Rf4 Rb3 39. Rg4 Rxb4 40. Rc7 Nxa5 41. Rgxg7+ Kf8 42. Rh7 Kg8 43. Rhd7 Rb8 44. d5 Nb3 45. d6 Nd4 46. Rg7+ Kf8 47. Rcf7+ Ke8 1-0

[Event "Joao Pessoa op 08"]
[Site "Joao Pessoa"]
[Date "2013.08.03"]
[Round "4"]
[White "De Melo, Fernando Sa"]
[Black "Monte, Edmar Ferreira"]
[Result "1-0"]
[WhiteElo "2091"]
[BlackElo "1699"]
[PlyCount "47"]
[EventDate "2013.08.02"]
[EventType "swiss"]
[EventRounds "6"]
[EventCountry "BRA"]
[SourceTitle "CBM 155 Extra"]
[Source "ChessBase"]
[SourceDate "2013.08.26"]
[SourceVersion "1"]
[SourceVersionDate "2013.08.26"]
[SourceQuality "1"]

1. d4 Nf6 2. c4 c5 3. d5 b5 4. cxb5 a6 5. bxa6 Bxa6 6. Nc3 d6 7. Nf3 g6 8. g3 Bg7 9. Bg2 0-0 10. 0-0 Nbd7 11. h3 Nb6 12. Re1 Qc7 13. e4 Nfd7 14. Qc2 Rfb8 15. b3 Ne5 16. Nxe5 Bxe5 17. Bb2 Nd7 18. Na4 Bb5 19. Nc3 Ba6 20. Nd1 Qa7 21. Ne3 Bxb2 22. Qxb2 Ne5 23. Ng4 Nd3 24. Nh6+ 1-0

[Event "Joao Pessoa op 08"]
[Site "Joao Pessoa"]
[Date "2013.08.03"]
[Round "3"]
[White "Rodi, Luis Ernesto"]
[Black "De Melo, Fernando Sa"]
[Result "1-0"]
[WhiteElo "2377"]
[BlackElo "2091"]
[PlyCount "89"]
[EventDate "2013.08.02"]
[EventType "swiss"]
[EventRounds "6"]
[EventCountry "BRA"]
[SourceTitle "CBM 155 Extra"]
[Source "ChessBase"]
[SourceDate "2013.08.26"]
[SourceVersion "1"]
[SourceVersionDate "2013.08.26"]
[SourceQuality "1"]

1. e4 e5 2. Nf3 Nc6 3. Nc3 Nf6 4. d4 exd4 5. Nxd4 Nxd4 6. Qxd4 d6 7. f3 Be7 8. Be3 0-0 9. 0-0-0 c5 10. Qd2 Qa5 11. Kb1 Be6 12. Nd5 Qd8 13. Nxe7+ Qxe7 14. Qxd6 Qxd6 15. Rxd6 b6 16. Be2 Rfd8 17. Rhd1 Rxd6 18. Rxd6 Ne8 19. Rd2 Kf8 20. Bf4 c4 21. Rd4 Rc8 22. Bd2 a5 23. f4 f6 24. h3 Ke7 25. f5 Bg8 26. Bf4 Rd8 27. Rxd8 Kxd8 28. b3 Kd7 29. Bxc4 Bxc4 30. bxc4 Nd6 31. Bxd6 Kxd6 32. Kb2 Ke5 33. Kc3 Kxe4 34. c5 bxc5 35. Kc4 Kxf5 36. Kxc5 Ke6 37. Kb5 f5 38. Kxa5 g5 39. Kb4 f4 40. Kc3 h5 41. Kd3 g4 42. hxg4 hxg4 43. Ke4 f3 44. gxf3 gxf3 45. Kxf3 1-0

[Event "Joao Pessoa op 4th"]
[Site "Joao Pessoa"]
[Date "2013.03.17"]
[Round "6"]
[White "De Moura, Sergio Jovelino"]
[Black "De Melo, Fernando Sa"]
[Result "0-1"]
[WhiteElo "2110"]
[BlackElo "2069"]
[PlyCount "154"]
[EventDate "2013.03.15"]
[EventType "swiss"]
[EventRounds "6"]
[EventCountry "BRA"]
[SourceTitle "CBM 153 Extra"]
[Source "ChessBase"]
[SourceDate "2013.04.22"]
[SourceVersion "1"]
[SourceVersionDate "2013.04.22"]
[SourceQuality "1"]

1. e4 c6 2. d4 d5 3. exd5 cxd5 4. Bd3 Nf6 5. c3 Nc6 6. Bf4 Qb6 7. Qb3 Qxb3 8. axb3 e6 9. h3 Be7 10. Nd2 0-0 11. Ngf3 Ne8 12. b4 Bd6 13. Bxd6 Nxd6 14. 0-0 Bd7 15. Ra2 a6 16. Nb3 Na7 17. Ne5 Bb5 18. Bxb5 Naxb5 19. Nd7 Rfe8 20. Nb6 Rad8 21. Nc5 Re7 22. Re1 Nc8 23. Nba4 Rd6 24. Nd3 b6 25. Ne5 Rc7 26. Raa1 f6 27. Nd3 Ne7 28. Re2 Ng6 29. Rae1 Nf8 30. Rd2 Rdc6 31. Nf4 Kf7 32. g3 Ng6 33. Nd3 Nf8 34. Rde2 Nd6 35. Kg2 Nb5 36. h4 g6 37. Nf4 h6 38. Re3 g5 39. hxg5 hxg5 40. Nd3 Ng6 41. Rh1 Kg7 42. Rhe1 Kf7 43. Rh1 Kg7 44. f4 g4 45. Nf2 f5 46. Nd3 Rc8 47. Rh5 Rd6 48. Rg5 Kf7 49. Re1 Rh8 50. Rh1 Rxh1 51. Kxh1 Nc7 52. Kg2 Ne8 53. Kg1 Ng7 54. Kf2 Ne8 55. Ke3 Nc7 56. Rh5 Kg7 57. Rg5 Kf7 58. Rh5 Kg7 59. Rg5 Kf7 60. Kd2 Na8 61. Rh5 Kg7 62. Rg5 Kf7 63. Rh5 Kg7 64. Rg5 Kf7 65. Ke3 Rd8 66. Rh5 Kg7 67. b3 Rc8 68. Rg5 Kf6 69. Kd2 Rh8 70. Nf2 Rh2 71. Ke3 Rg2 72. Nd3 Rxg3+ 73. Kd2 Rxd3+ 74. Kxd3 Nxf4+ 75. Ke3 Kxg5 76. c4 dxc4 77. bxc4 b5 0-1

[Event "Joao Pessoa op 4th"]
[Site "Joao Pessoa"]
[Date "2013.03.15"]
[Round "2"]
[White "Azevedo, Eduardo Jose E"]
[Black "De Melo, Fernando Sa"]
[Result "0-1"]
[WhiteElo "1869"]
[BlackElo "2069"]
[PlyCount "118"]
[EventDate "2013.03.15"]
[EventType "swiss"]
[EventRounds "6"]
[EventCountry "BRA"]
[SourceTitle "CBM 153 Extra"]
[Source "ChessBase"]
[SourceDate "2013.04.22"]
[SourceVersion "1"]
[SourceVersionDate "2013.04.22"]
[SourceQuality "1"]

1. d4 Nf6 2. c4 e6 3. Nc3 d5 4. cxd5 exd5 5. Bg5 Nbd7 6. e3 Be7 7. Bd3 0-0 8. Nge2 Re8 9. 0-0 c6 10. a3 Nf8 11. b4 Ne6 12. Bh4 g5 13. Bg3 Bd6 14. b5 Ng7 15. bxc6 bxc6 16. Qc2 Bxg3 17. Nxg3 Be6 18. Nf5 Nxf5 19. Bxf5 Qd7 20. Bxe6 Qxe6 21. Na4 Ne4 22. Nc5 Qh6 23. Nxe4 Rxe4 24. g3 Rae8 25. Rfc1 R8e6 26. Qd1 g4 27. Rc5 Rf6 28. Ra2 Qh3 29. Qf1 Qh5 30. Qg2 Qf5 31. Rac2 Ree6 32. R5c3 Rh6 33. Rc5 Qd3 34. R5c3 Qd1+ 35. Qf1 Qf3 36. Qg2 Qf5 37. Qf1 Kg7 38. Qg2 Qg6 39. Rc1 Rh5 40. Rc5 Qh6 41. R5c3 Rf6 42. R3c2 Rhf5 43. Re1 Qg6 44. Rec1 Rf3 45. Rb2 Qd3 46. a4 Rxe3 47. Rbc2 Re1+ 48. Rxe1 Qxc2 49. Qf1 Qxa4 50. Qd3 Rf3 51. Qd2 h6 52. Rd1 Qb3 53. Qe2 Qc3 54. Qe5+ Kg6 55. Qe2 h5 56. Qe5 Qc2 57. Qe1 Rxf2 58. Qxf2 Qxd1+ 59. Kg2 Qf3+ 0-1

[Event "Joao Pessoa op 3rd"]
[Site "Joao Pessoa"]
[Date "2012.03.11"]
[Round "6"]
[White "De Melo, Fernando Sa"]
[Black "Martins, Vinicius Tine"]
[Result "0-1"]
[WhiteElo "2101"]
[BlackElo "2329"]
[PlyCount "86"]
[EventDate "2012.03.09"]
[EventType "swiss"]
[EventRounds "6"]
[EventCountry "BRA"]
[SourceTitle "CBM 147 Extra"]
[Source "ChessBase"]
[SourceDate "2012.04.24"]
[SourceVersion "1"]
[SourceVersionDate "2012.04.24"]
[SourceQuality "1"]

1. d4 d5 2. Nf3 Nf6 3. c4 e6 4. Nc3 c6 5. e3 Nbd7 6. Bd3 dxc4 7. Bxc4 b5 8. Bd3 Bd6 9. 0-0 0-0 10. a4 b4 11. Ne4 Nxe4 12. Bxe4 Bb7 13. a5 Rc8 14. Qe2 Qe7 15. Bd3 c5 16. Ba6 Nf6 17. Bxb7 Qxb7 18. b3 Qd5 19. dxc5 Bxc5 20. Nd2 Bd6 21. Nc4 Rxc4 22. Qxc4 Qe5 23. Qf4 Qxa1 24. Qxd6 Qxa5 25. Bb2 Rd8 26. Qg3 Ne8 27. h4 Qa2 28. Bd4 Qxb3 29. Ra1 Ra8 30. Rxa7 Rxa7 31. Bxa7 Qd1+ 32. Kh2 Qd6 33. f4 b3 34. Bd4 Qd5 35. Qe1 h5 36. Qc3 f6 37. Qc8 Kf7 38. Qb8 Nd6 39. Qc7+ Kg6 40. Qb6 Nf5 41. e4 Qxe4 42. Bf2 Qxf4+ 43. g3 Qf3 0-1

[Event "Joao Pessoa op 3rd"]
[Site "Joao Pessoa"]
[Date "2012.03.09"]
[Round "2"]
[White "De Melo, Fernando Sa"]
[Black "Goncalves, Dacio Lima"]
[Result "1-0"]
[WhiteElo "2101"]
[BlackElo "1895"]
[PlyCount "119"]
[EventDate "2012.03.09"]
[EventType "swiss"]
[EventRounds "6"]
[EventCountry "BRA"]
[SourceTitle "CBM 147 Extra"]
[Source "ChessBase"]
[SourceDate "2012.04.24"]
[SourceVersion "1"]
[SourceVersionDate "2012.04.24"]
[SourceQuality "1"]

1. d4 d5 2. c4 e6 3. Nc3 c6 4. Nf3 Nf6 5. e3 Bd6 6. Bd3 Nbd7 7. 0-0 0-0 8. cxd5 exd5 9. Rb1 Re8 10. b4 b5 11. Qc2 Qc7 12. e4 dxe4 13. Nxe4 h6 14. Bd2 Bb7 15. Rfc1 Nxe4 16. Bxe4 Rac8 17. Bh7+ Kh8 18. Bf5 Qd8 19. Qb3 Re7 20. Re1 Rc7 21. Rxe7 Qxe7 22. Re1 Qf8 23. Ne5 Nxe5 24. dxe5 Be7 25. Bb1 Bc8 26. Qc2 Qg8 27. Qb2 Be6 28. f4 Bd5 29. f5 f6 30. Bc3 Qf7 31. exf6 Bxf6 32. Bxf6 Qxf6 33. Qf2 Re7 34. Rxe7 Qxe7 35. a3 Qf6 36. h3 Qc3 37. Qc2 Qxc2 38. Bxc2 Kg8 39. Kf2 Kf7 40. g3 Kf6 41. Ke3 Ke5 42. h4 a6 43. g4 Kd6 44. Kd4 Bf3 45. g5 hxg5 46. hxg5 Bd5 47. Be4 Bc4 48. f6 gxf6 49. gxf6 Bf7 50. Bf5 Bh5 51. Bc8 Bf7 52. Bxa6 Kc7 53. Kc5 Be6 54. Bxb5 cxb5 55. Kxb5 Bf7 56. Ka5 Kd6 57. b5 Bc4 58. a4 Ke6 59. Ka6 Bb3 60. b6 1-0

[Event "Joao Pessoa op 3rd"]
[Site "Joao Pessoa"]
[Date "2012.03.09"]
[Round "1"]
[White "Nogueira, Jose Marcelo"]
[Black "De Melo, Fernando Sa"]
[Result "0-1"]
[WhiteElo "1779"]
[BlackElo "2101"]
[PlyCount "64"]
[EventDate "2012.03.09"]
[EventType "swiss"]
[EventRounds "6"]
[EventCountry "BRA"]
[SourceTitle "CBM 147 Extra"]
[Source "ChessBase"]
[SourceDate "2012.04.24"]
[SourceVersion "1"]
[SourceVersionDate "2012.04.24"]
[SourceQuality "1"]

1. e4 e5 2. Nf3 Nc6 3. Bc4 Bc5 4. Nc3 Nf6 5. d3 h6 6. h3 0-0 7. Na4 Be7 8. Be3 d5 9. exd5 Nxd5 10. Bxd5 Qxd5 11. Nc3 Bb4 12. 0-0 Bxc3 13. bxc3 b6 14. Nh2 Bb7 15. c4 Qe6 16. Qh5 Ne7 17. Rae1 Ng6 18. f4 exf4 19. Bd2 Qc6 20. Nf3 Rae8 21. Qb5 Rxe1 22. Nxe1 Qe6 23. Nf3 c5 24. Re1 Qf6 25. Rf1 Bc6 26. Qb3 Re8 27. Bc3 Qd8 28. Qb2 Nh4 29. Nxh4 Qxh4 30. Qc1 f3 31. Be1 Qh5 32. Qf4 fxg2 0-1

[Event "Joao Pessoa de Assis Memorial 2nd"]
[Site "Joao Pessoa"]
[Date "2011.09.16"]
[Round "6.2"]
[White "Torres, Douglas da Silva"]
[Black "De Melo, Fernando Sa"]
[Result "0-1"]
[WhiteElo "2092"]
[BlackElo "2017"]
[PlyCount "132"]
[EventDate "2011.09.07"]
[EventType "tourn"]
[EventRounds "7"]
[EventCountry "BRA"]
[SourceTitle "EXT 2022"]
[Source "ChessBase"]
[SourceDate "2021.10.06"]
[SourceVersion "1"]
[SourceVersionDate "2021.10.06"]
[SourceQuality "1"]

1. d4 d5 2. Nc3 Bf5 3. Bf4 e6 4. e3 Nf6 5. Bd3 Bg6 6. Bxg6 hxg6 7. Bg5 Be7 8. Nf3 Nbd7 9. Bxf6 gxf6 10. Qd3 c6 11. 0-0-0 Qa5 12. Nd2 f5 13. Nb3 Qc7 14. g3 0-0-0 15. h4 Nf6 16. f4 Ng4 17. Qe2 Bb4 18. Na4 Rde8 19. Nac5 f6 20. Nd3 Bd6 21. Nf2 Nh6 22. Qf3 e5 23. Rhe1 Rhg8 24. Kb1 Kb8 25. Rc1 Qf7 26. a4 e4 27. Qh1 Rh8 28. Qg2 Reg8 29. Nh3 Be7 30. Nc5 Ng4 31. Nf2 Nh6 32. Nh3 b6 33. Nb3 g5 34. Qf1 gxh4 35. gxh4 Rg3 36. Nf2 Ng4 37. Nd1 Rxh4 38. Qa6 Bd6 39. a5 Qb7 40. Qxb7+ Kxb7 41. axb6 axb6 42. Nd2 Rhh3 43. Nf1 Rg1 44. Nc3 Bb4 45. Ne2 Bxe1 46. Nxg1 Rh1 47. Rxe1 Rxg1 48. Rc1 Rg2 49. Re1 c5 50. dxc5 bxc5 51. c3 Kc6 52. Kc1 Nf2 53. Re2 Nd3+ 54. Kd2 Rxe2+ 55. Kxe2 Kd6 56. Ng3 Ke6 57. b4 cxb4 58. cxb4 Nxb4 59. Kd2 d4 60. Ne2 dxe3+ 61. Kxe3 Nc6 62. Ng3 Ne7 63. Ne2 Kd5 64. Ng3 Kc4 65. Nh5 Nd5+ 66. Ke2 Kd4 0-1

[Event "Joao Pessoa de Assis Memorial 2nd"]
[Site "Joao Pessoa"]
[Date "2011.09.10"]
[Round "2.2"]
[White "De Melo, Fernando Sa"]
[Black "Souza, Marcos Valerio"]
[Result "1-0"]
[WhiteElo "2017"]
[BlackElo "2029"]
[PlyCount "85"]
[EventDate "2011.09.07"]
[EventType "tourn"]
[EventRounds "7"]
[EventCountry "BRA"]
[SourceTitle "EXT 2022"]
[Source "ChessBase"]
[SourceDate "2021.10.06"]
[SourceVersion "1"]
[SourceVersionDate "2021.10.06"]
[SourceQuality "1"]

1. d4 e6 2. c4 Nf6 3. Nf3 Bb4+ 4. Bd2 Qe7 5. g3 Ne4 6. a3 Bxd2+ 7. Nbxd2 Nxd2 8. Qxd2 0-0 9. Bg2 d6 10. Qc3 Re8 11. Rd1 Nd7 12. 0-0 e5 13. e4 Nf6 14. dxe5 dxe5 15. h3 Bd7 16. Rfe1 Bc6 17. Nh2 Rad8 18. Ng4 Nxg4 19. hxg4 Bd7 20. Bf3 f6 21. Qa5 Bc6 22. c5 Rxd1 23. Bxd1 Rd8 24. Bb3+ Kf8 25. Qc3 Bb5 26. Rd1 Rxd1+ 27. Bxd1 Qd7 28. Qf3 Qd4 29. g5 Ke7 30. gxf6+ gxf6 31. Qg4 Qc4 32. Qg7+ Qf7 33. Qh8 Kd7 34. Bg4+ Kc6 35. b4 Ba6 36. a4 b5 37. Qa8+ Bb7 38. axb5+ Kxb5 39. Qxb7+ Kc4 40. Be2+ Kc3 41. b5 Qa2 42. Bf1 Qa4 43. Qd5 1-0